TOP 20 DES SERIES TELEVISES PREFERES DES FRANCAIS - Statistiques

Statistiques générales
  • Ce quiz a été pris 1 022 fois
  • Le résultat moyen est 4 sur 20
Statistiques - réponses
CLASSEMENT REPONSES % Correct
14 FRIENDS
55%
7 GAME OF THRONES
51%
6 GREYS ANATOMY
49%
20 NCIS
44%
1 LES EXPERTS
40%
2 PRISON BREAK
32%
10 URGENCE
26%
17 LOST
20%
19 ESPRITS CRIMINELS
19%
11 CAMPING PARADIS
18%
15 DEXTER
17%
18 BONES
15%
5 DOCTEUR HOUSE
15%
12 JULIE LESCAUT
11%
13 NAVARRO
7%
3 PROFILAGE
7%
16 DOCTEUR WHO
3%
8 MERLIN
1%
4 WEEDS
1%
9 THE MAGICIANS
0%
Aucun quiz correspondant
Distribution des résultats
% des personnes avec chaque résultat
Percentile par nombre de réponses
Votre historique - résultats
Vous n’avez pas pris ce quiz